| 000 | 00464nam a2200205Ia 4500 | ||
|---|---|---|---|
| 008 | 170918s9999 xx 000 0 und d | ||
| 020 | _a439339677 | ||
| 050 | _bB872tr 2003 | ||
| 100 | _aBrooke, Lauren | ||
| 245 | _aTrue enough / | ||
| 245 | _cby Lauren Brooke. | ||
| 260 | _aNew York : | ||
| 260 | _bScholastic, | ||
| 260 | _c2003 | ||
| 300 | _a157 pages : | ||
| 300 | _billustrations ; | ||
| 300 | _c19cm. | ||
| 300 | _eHeartland ; | ||
| 440 | _a11 | ||
| 999 |
_c344017 _d344017 |
||